Detalles MARC
| 000 -LÍDER |
| Campo fijo de descripción fija |
01620nam a2200349 4500 |
| 001 - NÚMERO DE CONTROL |
| Campo de control |
768714001 |
| 003 - IDENTIFICADOR DEL NÚMERO DE CONTROL |
| Campo de control |
CO-MdFUSB |
| 005 - FECHA Y HORA DE LA ULTIMA TRANSACCIÓN |
| control field |
20180914122524.0 |
| 008 - ELEMENTOS DE LONGITUD FIJA -- INFORMACIÓN GENERAL |
| Campo fijo de descripción fija -- Información general |
180912t2006 dr ||||| |||| 00| 0 spa d |
| 040 ## - FUENTE DE CATALOGACIÓN |
| Agencia de catalogación original |
CO-MdFUSB |
| Idioma de catalogación |
spa |
| Agencia que realiza la transcripción |
CO-MdFUSB |
| Agencia que realiza la modificación |
CO-MdFUSBC |
| Convenciones de la descripción |
rda |
| 041 ## - CÓDIGO DE IDIOMA |
| Código de idioma para texto/pista de sonido o título separado |
spa |
| 082 ## - NÚMERO DE CLASIFICACIÓN DECIMAL DEWEY |
| Número de la edición del Dewey |
23 |
| Número de clasificación |
230.044 |
| Clave de autor-Numero de item |
V713 |
| 100 ## - ASIENTO PRINCIPAL--NOMBRE PERSONAL |
| Nombre personal |
Villafañe, Eldin |
| Término relacionador |
autor |
| 245 ## - TÍTULO |
| Título del Material |
Fe, espiritualidad y justicia |
| Parte restante del título - Subtitulo |
: teología posmoderna de un Boricua en la diáspora |
| Mención de responsabilidad, etc. |
/ Eldin Villafañe |
| 264 #1 - PRODUCCIÓN, PUBLICACIÓN, DISTRIBUCIÓN, MANUFACTURA, Y COPYRIGHT |
| Lugar de producción, publicación, distribución, manufactura |
República Dominicana : |
| Nombre del productor, publicador, distribuidor |
Palabra y más, |
| Fecha de producción, publicación, distribución, manufactura, o copyright |
℗[2006] |
| 264 #4 - PRODUCCIÓN, PUBLICACIÓN, DISTRIBUCIÓN, MANUFACTURA, Y COPYRIGHT |
| Fecha de producción, publicación, distribución, manufactura, o copyright |
©2006 |
| 300 ## - DESCRIPCIÓN FÍSICA |
| Extensión |
121 páginas |
| Dimensiones |
; 22 cm |
| 336 ## - TIPO DE CONTENIDO |
| Fuente |
rdacontent |
| Término de tipo de contenido |
texto |
| Código de tipo de contenido |
txt |
| 337 ## - TIPO DE MEDIO |
| Fuente |
rdamedia |
| Nombre del tipo de medio |
sin mediación |
| Código del tipo de medio |
n |
| 338 ## - TIPO DE SOPORTE |
| Fuente |
rdacarrier |
| Nombre del tipo de soporte |
volumen |
| Código Tipo de soporte |
nc |
| 500 ## - NOTA GENERAL |
| Nota General |
Libro autobiografiado. |
| 504 ## - NOTA DE BIBLIOGRAFÍA, ETC. |
| Nota de bibliografía, etc |
Incluye bibliografía (página 113) |
| 505 ## - NOTA DE CONTENIDO |
| Título |
Capítulo 1. |
| Nota de contenido con formato preestablecido |
La mentalidad cristiana y la posmodernidad: lecciones de la epístola a los filipenses para hoy |
| 505 ## - NOTA DE CONTENIDO |
| Título |
Capítulo 2. |
| Nota de contenido con formato preestablecido |
Vivir en justicia: el mensaje de Amós para hoy |
| 505 ## - NOTA DE CONTENIDO |
| Título |
Capítulo 3. |
| Nota de contenido con formato preestablecido |
La fe cristiana y la calidad de vida: hacia una teología de shalom como clave hermenéutica de la calidad de vida |
| 505 ## - NOTA DE CONTENIDO |
| Título |
Capítulo 4. |
| Nota de contenido con formato preestablecido |
El poder del Espíritu Santo y los poderes |
| 505 ## - NOTA DE CONTENIDO |
| Título |
Capítulo 5. |
| Nota de contenido con formato preestablecido |
El verbo fue hecho carne: la encarnación y la educación teológica |
| 505 ## - NOTA DE CONTENIDO |
| Título |
Capítulo 6. |
| Nota de contenido con formato preestablecido |
El significado teológico y ético de "personalidad corporativa" y koinonia como paradigmas bíblicos de la solidaridad humana |
| 505 ## - NOTA DE CONTENIDO |
| Título |
Capítulo 7. |
| Nota de contenido con formato preestablecido |
El Rvdo. Ricardo Tañon: un apóstol en el Bronx |
| 650 #0 - ASIENTO SECUNDARIO DE MATERIA - TERMINO TEMÁTICO |
| 9 (RLIN) |
504 |
| Término temático o nombre geográfico como elemento de entrada |
Teología postmoderna |
| 942 ## - TIPO DE MATERIAL (KOHA) |
| Tipo de Item KOHA |
Libros General |